Urbanization, capital formation and labour productivity in Agriculture (Record no. 408464)

000 -LEADER
fixed length control field 00533cam a22001457a 4500
008 - FIXED-LENGTH DATA ELEMENTS--GENERAL INFORMATION
fixed length control field 180718b1986 xxu||||| |||| 00| 0 eng d
020 ## - INTERNATIONAL STANDARD BOOK NUMBER
International Standard Book Number 8170270979
082 ## - DEWEY DECIMAL CLASSIFICATION NUMBER
Classification number B131x5413 Sr38
100 ## - MAIN ENTRY--PERSONAL NAME
Personal name Srivastava, G C
245 ## - TITLE STATEMENT
Title Urbanization, capital formation and labour productivity in Agriculture
Statement of responsibility, etc. by G C Srivastava
260 ## - PUBLICATION, DISTRIBUTION, ETC.
Place of publication, distribution, etc. New Delhi
Name of publisher, distributor, etc. Radiant Publishers
Date of publication, distribution, etc. 1986
300 ## - PHYSICAL DESCRIPTION
Extent ix, 205p
650 ## - SUBJECT ADDED ENTRY--TOPICAL TERM
Topical term or geographic name entry element Agriculture --Economic aspects --India --Case stu
650 ## - SUBJECT ADDED ENTRY--TOPICAL TERM
Topical term or geographic name entry element Agriculture --Economic aspects --India --Raᆵnchiᆵ --Case studies
Holdings
Withdrawn status Lost status Damaged status Not for loan Permanent Location Current Location Date acquired Full call number Barcode Date last seen Price effective from Koha item type
        Indian Institute of Public Administration Indian Institute of Public Administration 2008-12-19 B131x5413 Sr38 DA5780 2018-07-21 2018-07-21 DA

Powered by Koha